000 01795nam a22004457a 4500
005 20240530110450.0
008 150504s2010 ua g b 000 0 ara d
017 _a2009/15435
_bمصر . دار الكتب المصرية
020 _a9789773191054
040 _aEG-CaGPL
082 0 4 _221
_a323.443\
_bم أ
100 0 _aمحمد حسن العامرى
245 1 2 _aالاعلام و الديمقراطية فى الوطن العربى /
_cمحمد حسن العامرى ، عبدالسلام محمد السعدى
250 _aط1
260 _aالقاهرة :
_bالعربى للنشر و التوزيع ،
_c2010 .
300 _a266 ص ؛
_c24 سم .
490 _aدراسات فى الاعلام
504 _aيشتمل على ارجاعات ببليوجرافية
650 0 4 _aالاعلام
650 0 4 _aالاعلام التنموى
650 0 4 _aحرية الاعلام
650 0 4 _aالاعلام
_xانواع
650 0 4 _aوسائل الاعلام
650 0 4 _aاخلاقيات الاعلام
650 0 4 _aالرأى العام
650 0 4 _aالرأى العام
_xانواع
650 0 4 _aالديمقراطية
_xانواع
650 0 4 _aالديمقراطية
_xايجابيات
650 0 4 _aالديمقراطية
_xسلبيات
650 0 4 _aالحرية
650 0 4 _aحقوق النسان
650 0 4 _aالانتخابات
650 0 4 _aالنظم الانتخابية
650 0 4 _aالنظم الانتخابية
_xالنظام الفردى
650 0 4 _aالنظم الانتخابية
_xنظام القائمة الحزبية
650 0 4 _aالانتخابات
_xدور وسائل الاعلام
700 0 _aعبدالسلام محمد السعدى
942 _2ddc
_cBK
999 _c61222
_d61222